Rozpočtové zabezpečenie zdravotnej starostlivosti u nás a vo vybranej krajine Európskej únie diplomová práca

Salvato in:
Dettagli Bibliografici
Autore principale: Sopko, Ján
Ente Autore: Národohospodárska fakulta EU. Katedra financií
Altri autori: Nováková, Michaela, 1977-
Natura: Libro
Lingua:slovacco
Pubblicazione: Bratislava 2020
Tags: Aggiungi Tag
Nessun Tag, puoi essere il primo ad aggiungerne!!

MARC

LEADER 00000nbm a2200000 4500
001 0264554
005 20200928144640.1
041 0 |a slo 
044 |a SK 
245 1 0 |a Rozpočtové zabezpečenie zdravotnej starostlivosti u nás a vo vybranej krajine Európskej únie  |b diplomová práca  |c Ján Sopko ; školiteľ: Michaela Nováková 
264 1 |a Bratislava  |c 2020 
300 |a 79 s. 
100 1 |a Sopko, Ján 
700 1 |a Nováková, Michaela, 1977- 
710 2 |a Národohospodárska fakulta EU. Katedra financií